000 01300nam a2200325Ia 4500
001 ebr10053616
003 CaPaEBR
006 m u
007 cr cn|||||||||
008 040107s2004 dcu sb i000 0 eng d
020 _z082135678X
040 _aCaPaEBR
_cCaPaEBR
035 _a(OCoLC)60365308
050 1 4 _aHD5811.9.A6
_bU55 2004eb
082 0 4 _a331.12/042/0956
_222
245 0 0 _aUnlocking the employment potential in the Middle East and North Africa
_h[electronic resource] :
_btoward a new social contract.
260 _aWashington, DC :
_bWorld Bank,
_c2004.
300 _axxii, 287 p.
490 1 _aOrientations in development series
504 _aIncludes bibliographical references.
533 _aElectronic reproduction.
_bPalo Alto, Calif. :
_cebrary,
_d2009.
_nAvailable via World Wide Web.
_nAccess may be limited to ebrary affiliated libraries.
650 0 _aLabor market
_zMiddle East.
650 0 _aLabor market
_zAfrica, North.
650 0 _aLabor supply
_zMiddle East.
650 0 _aLabor supply
_zAfrica, North.
655 7 _aElectronic books.
_2local
710 2 _aebrary, Inc.
830 0 _aOrientations in development.
856 4 0 _uhttp://site.ebrary.com/lib/rucke/Doc?id=10053616
_zAn electronic book accessible through the World Wide Web; click to view
999 _c65738
_d65738